|
|
|
|
| LEADER |
00000nam0a2200000 4500 |
| 001 |
306772 |
| 005 |
20231102001928.0 |
| 020 |
|
|
|a RU
|b 83-54588
|
| 035 |
|
|
|a (RuTPU)RU\TPU\book\332049
|
| 090 |
|
|
|a 306772
|
| 100 |
|
|
|a 20151010d1983 km y0rusy5003 ca
|
| 101 |
0 |
|
|a rus
|
| 102 |
|
|
|a RU
|
| 105 |
|
|
|a y z 001zy
|
| 200 |
1 |
|
|a Пожарно-профилактическая работа на промышленных предприятиях
|f О. М. Волков [и др.]
|
| 205 |
|
|
|a 2-е изд., перераб. и доп.
|
| 210 |
|
|
|a Москва
|c Стройиздат
|d 1983
|
| 215 |
|
|
|a 127 с.
|
| 320 |
|
|
|a Библиогр.: с. 126
|
| 606 |
1 |
|
|a Профилактика пожаров
|2 stltpush
|3 (RuTPU)RU\TPU\subj\52943
|9 71329
|
| 610 |
1 |
|
|a помышленные предприятия
|
| 610 |
1 |
|
|a пожарная охрана
|
| 610 |
1 |
|
|a противопожарное состояние
|
| 610 |
1 |
|
|a противопожарная безопасность
|
| 610 |
1 |
|
|a противопожарная профилактика
|
| 610 |
1 |
|
|a противопожарная защита
|
| 610 |
1 |
|
|a обучение
|
| 610 |
1 |
|
|a рабочие
|
| 610 |
1 |
|
|a служащие
|
| 675 |
|
|
|a 614.841.3
|z rus
|v 3
|
| 701 |
|
1 |
|a Волков
|b О. М.
|g Олег Михайлович
|
| 701 |
|
1 |
|a Левин
|b А. В.
|g Анатолий Васильевич
|
| 701 |
|
1 |
|a Рафа
|b П. И.
|g Петр ипатьевич
|
| 701 |
|
1 |
|a Смирнов
|b И. В.
|g Игорь Васильевич
|
| 801 |
|
0 |
|a RU
|b RuMRKP
|c 19950704
|g psbo
|
| 801 |
|
1 |
|a RU
|b 63413507
|c 20151010
|
| 801 |
|
2 |
|a RU
|b 63413507
|c 20180629
|g RCR
|
| 942 |
|
|
|c BK
|